| 000 | 00699nam a22002297a 4500 | ||
|---|---|---|---|
| 005 | 20170124110043.0 | ||
| 010 | _a157001 | ||
| 020 | _c00.00 | ||
| 035 | _a157001 | ||
| 037 | _bCen Lib/Ret | ||
| 040 |
_aDPL _bEN |
||
| 082 |
_a812.09 _bKEI |
||
| 100 |
_aKeith, A. Berriedale _913079 |
||
| 245 |
_aThe Sanskrit drama in its origin, development, theory & practice / _cby A. Berriedale Keith |
||
| 260 |
_aLondon _bOxford University Press _c1954 |
||
| 270 |
_bLondon _aAmen House |
||
| 300 |
_a405p. _c20cm(Hb) |
||
| 500 | _aIncludes index | ||
| 650 |
_aSanskrit drama -- History and criticism _924082 |
||
| 650 |
_aSanskrit drama _9104529 |
||
| 942 |
_2ddc _cEN _h812.09 _mKEI |
||
| 999 |
_c128669 _d128669 |
||